Nghệ thuật xây dựng xung đột trong tiểu thuyết Tiếng gọi nơi hoang dã và Nanh trắng của Jack London

Những vấn đề chung...Nghệ thuật xây dựng xung đột trong tiểu thuyết Tiếng gọi nơi hoang dã và Nanh trắng ...

Na minha lista:
Detalhes bibliográficos
Autor principal: Phan Thị Thanh Hải
Outros Autores: Đặng Thị Lan Người hướng dẫn (Orientador)
Formato: Livro
Idioma:Vietnamese
Publicado em: Đại học Sư Phạm Đại học Đà Nẵng 2008
Assuntos:
Tags: Adicionar Tag
Sem tags, seja o primeiro a adicionar uma tag!
Thư viện lưu trữ: Mạng thư viện Đại học Đà Nẵng
LEADER 01424nam a2200325 4500
001 000010895
003 7118
005 20111223081232.0
008 111223s2008 viesd
041 |a vie 
072 |a Khóa luận tốt nghiệp - Cử nhân văn học 
082 |a 813  |b PH-H 
100 1 |a Phan Thị Thanh Hải 
245 1 |a Nghệ thuật xây dựng xung đột trong tiểu thuyết Tiếng gọi nơi hoang dã và Nanh trắng của Jack London  |c Phan Thị Thanh Hải 
260 |a Đại học Sư Phạm  |b Đại học Đà Nẵng  |c 2008 
300 |a 58 tr  |b Chân dung  |c 29 cm 
500 |a Khóa luận tốt nghiệp 
520 |a Những vấn đề chung...Nghệ thuật xây dựng xung đột trong tiểu thuyết Tiếng gọi nơi hoang dã và Nanh trắng ... 
653 |a Nghệ thuật xây dựng xung đột trong tiểu thuyết  |a Jack London 
700 |a Đặng Thị Lan  |c Người hướng dẫn  |e Th.S 
OWN |a LSP 
AVA |a UDN50  |b LSP  |d 813 PH-H  |e available  |t Error 5001 Not defined in file expand_doc_bib_avail.  |f 1  |g 0  |h N  |i 0  |k 1 
999 |a From the UDN01 
AVA |a UDN50  |b LSP  |d 813 PH-H  |e available  |t Error 5001 Not defined in file expand_doc_bib_avail.  |f 1  |g 0  |h N  |i 0  |k 1 
TYP |a Monograph 
TYP |a Printed language 
980 |a Mạng thư viện Đại học Đà Nẵng